000 00378nam a2200133Ia 4500
005 20250305053805.0
008 240331s9999 xx 000 0 und d
082 _bBAR
_22612
_a920
245 0 _aBarathiyaippatti Nanparkal
260 _aChennai
_bVanathi Pathippakam
_c1982
300 _a267 p.,
500 _aLife and work of the poet Barathiyar as told by his friends
942 _cL
999 _c4225
_d4225